Statistics for Capitals of Caucasian Countries

Click here to take the quiz!

General Stats

  • This quiz has been taken 93 times
  • The average score is 5 of 6

Answer Stats

CountryCapital% Correct
AzerbaijanBaku
95%
RussiaMoscow
92%
GeorgiaTbilisi
91%
ArmeniaYerevan
89%
TurkeyAnkara
81%
IranTehran
75%

Score Distribution

Percentile by Number Answered

Percent of People with Each Score

Your Score History

You have not taken this quiz